Normal view
MARC view
- بقلم الشبال، جمال الدين
Entry Personal Name
001 - CONTROL NUMBER
- control field: 40581
003 - CONTROL NUMBER IDENTIFIER
- control field: JO-AjAnu
005 - DATE AND TIME OF LATEST TRANSACTION
- control field: 20230606080735.0
008 - FIXED-LENGTH DATA ELEMENTS
- fixed length control field: 230606|| aca||aabn | a|a d
040 ## - CATALOGING SOURCE
- Original cataloging agency: JO-AjAnu
- Transcribing agency: JO-AjAnu
100 ## - HEADING--PERSONAL NAME
- Personal name: بقلم الشبال، جمال الدين
670 ## - SOURCE DATA FOUND
- Source citation: Work cat.: (JO-AjAnu)20802: بقلم الشبال، جمال الدين, author, التاريخ الاسلامي واثرة في الفكر التاريخي الأوروبي في عصر النهضة